000 01174nam a2200301 i 4500
003 DO-SdBNP
005 20250529142620.0
007 ta
008 250529b2024 ag ac||| |||| 00| 0 spa d
020 _a9789930955116
040 _aDO-SdBNP
_bspa
_cBNPHU
_erda
082 4 _axxx
_bxxx
_222
110 1 _aSociedad Iberoamericana de Neonatología (SIBEN)
_987769
245 1 0 _aClínicas de enfermería /
_ceditores, María Teresa Montes Bueno, Ana Quiroga, Augusto Sola
250 _aSegunda edición
264 4 _aBuenos Aires, Argentina :
_bSociedad Iberoamericana de Neonatología (SIBEN)
_c©2024.
300 _avolumen :
_bilustraciones, retratos ;
_c30 cm.
336 _atexto
_btxt
_2rdacontent
337 _asin mediación
_bn
_2rdamedia
338 _avolumen
_bnc
_2rdacarrier
505 _av.1--
_tCuidados respiratorios --
_gv.2--
_tCuidados infectológicos --
_gv.3--
_tAdministración de medicamentos por vía endovenosa.
590 _aInventariado, 2025/BT
700 1 _aMontes Bueno, María Teresa,
_eeditor
_4ed.
_987909
700 1 _aQuiroga, Ana,
_eeditor
_4ed.
_987910
700 1 _aSola, Augusto,
_eeditor
_4ed.
_987911
910 _aBtavárez
942 _2ddc
_cLBS1
999 _c58535
_d58535